02191cam a2200445 i 4500952019800000999001700198001000900215003000400224005001700228008004100245010001700286020001800303020001500321025003400336037005300370040002900423042001500452043001200467050002300479082002200502100003200524245015100556246004300707260004900750300001600799336002100815337002500836338002300861504004100884520024800925650004701173700005001220700004701270700004401317856010601361856009101467856009201558906004501650942005001695 00102ddc40708SOCIAL PROBLEMS AND SERVICESaMESbMEScSOCIAL PROBLEMS AND SERVICESd2019-02-20g695.00l1m2o363.700954 KUM/Bp35805r2023-08-04 11:27:34s2023-07-03w2019-02-20yBKzGL40R3 c21551d2155116740522OSt20230921103738.0110419s2011 ii ab b 100 0 eng  a 2011321521 a9780198069706 a0198069707 aI-E-2011-321521; 61-92; 49-92 bLibrary of Congress -- New Delhi Overseas Office aDLCbengcoclcdDLCerda alcodeapcc aa-ii---00aGE190.I4bB75 2011 a363.700954bKUM/B1 aKumar, Deepak,d1952-9268504aThe British Empire and the natural world :benvironmental encounters in South Asia /cedited by Deepak Kumar, Vinita Damodaran, and Rohan D'Souza.30aEnvironmental encounters in South Asia aNew Delhi :bOxford University Press,c2011. a280 pages : atext2rdacontent aunmediated2rdamedia avolume2rdacarrier aIncludes bibliographical references. aContributed articles culled from a conference held at New Delhi in December 2002 and International Conference on the Forest and Environmental History of the British Empire and Commonwealth, held at University of Sussex during 19-21 March 2003. 0aHuman ecologyzIndiaxHistoryvCongresses.1 aKumar, Deepak,d1952-eeditor of compilation.1 aDamodaran, Vinita,eeditor of compilation.1 aD'Souza, Rohan,eeditor of compilation.423Contributor biographical informationuhttp://www.loc.gov/catdir/enhancements/fy1114/2011321521-b.html423Publisher descriptionuhttp://www.loc.gov/catdir/enhancements/fy1114/2011321521-d.html413Table of contents onlyuhttp://www.loc.gov/catdir/enhancements/fy1114/2011321521-t.html a7bcbccorigoded3encipf20gy-gencatlg 2ddccBKh363.700954iKUM/Bk363.700954mKUM/B